000 00316nam a22001457a 4500
008 231101b ||||| |||| 00| 0 eng d
020 _a997197830
041 _aeng
080 _a101
082 _a101KAR
100 _a44
101 _aFILOZO
245 _aPROCEEDINGS OF THE YUKON
_cKARL.G.I.N
942 _2udc
_cBK
999 _c60483
_d60483